banner-ar

LES RESEAUX LOCAUX FACILES / (Record no. 22719)

MARC details
000 -الفاتح
حقل البيانات ثابتة الطول 00475nam a2200181Ia 4500
008 - عناصر البيانات ثابتة الطول - معلومات عامة
حقل البيانات ثابتة الطول 140319s9999 xx 000 0 eng d
040 ## - مصدر الفهرسة
وكالة الفهرسة الأصلية GCL /
وكالة النسخ GCL
082 04 - رقم تصنيف ديوى العشرى
رقم التصنيف 004.6
رقم المادة W L
100 1# - المدخل الرئيسى - إسم شخصى
الإسم الشخصى WIARD, A.
245 10 - بيان العنوان
العنوان LES RESEAUX LOCAUX FACILES /
بيان المسئوليه,etc WIARD, A.
700 1# - المدخل الاضافى - اسم شخصى
الإسم الشخصى LEDUC, J. M.
260 ## - PUBLICATION, DISTRIBUTION, ETC. (IMPRINT)
تاريخ النشر أو التوزيع 1991
490 ## - بيان السلسلة
عنوان السلسلة MARABOUT
رقم المجلد/ التعيين التسلسلي 0
650 04 - المدخل الاضافى بالموضوع-مصطلح موضوعى
مصطلح موضوعي COMPUTER COMMUNICATIONS
650 04 - المدخل الاضافى بالموضوع-مصطلح موضوعى
مصطلح موضوعي COMPUTER - NETWORKS
942 ## - عناصر المدخل الإضافي( كوها)
مصدر التصنيف او مخطط الترفيف Dewey Decimal Classification
Koha [default] item type كتاب
260 ## - PUBLICATION, DISTRIBUTION, ETC. (IMPRINT)
-- [S.N] :
-- MARABOUT UNIVERSITE ،
Holdings
حالة التراجع حالة الفقد حالة تلف ليس للاعارة المكان المؤقت الموقع الحالى تاريخ الاكتساب اجمالي اﻻعارات رقم الطلب الباركود تاريخ اخر مشاهدة تاريخ تفعيل السعر نوع وعاء كوها
        مكتبة القاهرة الكبرى مكتبة القاهرة الكبرى 03/26/2014   004.6\W L 41030 03/26/2014 03/26/2014 كتاب

Powered By

EGPV